| 000 | 01300nam a22002537a 4500 | ||
|---|---|---|---|
| 005 | 20091114111517.0 | ||
| 008 | 091114t xxu||||| |||| 00| 0 hin d | ||
| 010 | _aHIN-88525 | ||
| 020 |
_a8190171887 _c350.00 |
||
| 035 | _aHN-60871 | ||
| 037 | _bDBAD / PUB | ||
| 040 |
_aDPL _bHN |
||
| 082 | _a306.095442 | ||
| 100 | _aभाटी, पुष्पा | ||
| 245 |
_aराजस्थान के लोकदेवता एवं लोकसाहित्य / _cपुष्पा भाटी |
||
| 246 |
_aRajsathan ke lok devtaavm lok shitya / _bby Puspha Bhati |
||
| 260 |
_aबीकानेर _bराजस्थान साहित्य संस्थान _c2009 |
||
| 270 |
_aफूलबाई कुए के सामने, जोशीवाड़ा _bबीकानेर (राज.) _e334005 |
||
| 300 |
_a200पृ _c22सेमी (सजिल्द) |
||
| 650 |
_aराजस्थान (भारत) _xसभ्यता |
||
| 650 |
_aRajasthan (India) _xCivilization |
||
| 942 |
_2ddc _cHN _h306.095442 _mभाटीपु |
||
| 999 |
_c31791 _d31791 |
||